000 01036nam a22003017a 4500
001 000755
003 DO-SdBPM
005 20250617115051.0
007 000755
008 161128b 1992 sp a ||||| |||| 00| 0 spa d
020 _a843483779X
040 _aBPMSU
_bspa
_cBPMSU
082 4 _a839.313
_bV982u
_222
100 1 _aVries, Anke de,
_d1936-
245 1 0 _aUn ladrón debajo de la cama /
_cAnke de Vries ; traducción del holandés, Lorenzo Arroyo ; ilustraciones, Olga Pérez Alonso.
260 _aMadrid :
_bSM.
_c1992.
300 _a71 p. :
_bil. ;
_c19 cm.
490 0 _aEl barco de vapor;
_aSerie azul
_v46
500 _a"A partir de 7 años"
500 _aIncluye datos del autor en la solapa de la contracubierta.
590 _aInventariado, 2025/VM
650 4 _aCuentos infantiles holandeses
650 4 _aLadrones
_vCuentos infantiles
700 1 _aArroyo, Lorenzo,
_etraductora
700 1 _aPérez Alonso, Olga,
_eilustraciones
910 _aVMateo V. Control de calidad. BPMSU
942 _2ddc
_cBK
999 _c12128
_d12128